| 000 | 04602cam a22012374i 4500 | ||
|---|---|---|---|
| 003 | PE-LiUPU | ||
| 005 | 20250813185622.0 | ||
| 008 | 150706s2011 r 000 0 d | ||
| 020 | _a9789586487337 | ||
| 035 | _a(Sirsi) i9789586487337 | ||
| 040 |
_aPE-LiUPU _bspa _cPE-LiUPU _erda |
||
| 049 | _aPRUA | ||
| 082 | 0 | 4 |
_a323.72 _bS21 _221 |
| 100 | 1 |
_aSánchez, Luis Enrique, _eautor. |
|
| 245 | 1 | 0 |
_aEvaluación de impacto ambiental : _bconceptos y métodos / _cLuis Enrique Sánchez. |
| 264 | 1 |
_aBogotá : _bEcoe Ediciones, _c2011. |
|
| 300 |
_a479 páginas : _bilustraciones ; _c28 cm. |
||
| 336 |
_atext _2rdacontent |
||
| 337 |
_aunmediated _2rdamedia |
||
| 338 |
_avolume _2rdacarrier |
||
| 490 | 0 | _aOficina de textos | |
| 505 | 0 | _aConceptos y definiciones -- Ambiente -- Cultura y patrimonio cultural -- Contaminación -- Degradación ambiental -- Impacto ambiental -- Aspecto ambiental -- Procesos ambientales -- Evaluación del impacto ambiental -- Recuperación ambiental -- Síntesis -- Origen y difusión de la evaluación de impacto ambiental -- Orígenes -- Difusión internacional: los países desarrollados -- Difusión internacional: los países en desarrollo -- EIA en los tratados internacionales -- EIA en Brasil -- El proceso de evaluación de impacto ambiental y sus objetivos -- Los objetivos de la evaluación de impacto ambiental -- El ordenamiento del proceso de EIA -- Las principales etapas del proceso -- El proceso de EIA en Brasil -- El proceso de EIA en otros países -- Etapa de tamizado -- ¿Qué es impacto significativo? -- Criterios y procedimientos de tamizado -- Estudios preliminares en algunas jurisdicciones seleccionadas -- Síntesis -- Focalización del estudio y formulación de alternativas -- Determinación del alcance y la focalización de un estudio de impacto ambiental -- Historial -- Etapas de la planificación y elaboración de un estudio de impacto ambiental -- Identificación de impactos -- Estudios de base y diagnóstico ambiental -- Previsión de impactos -- Evaluación de la importancia de los impactos -- Análisis de riesgo -- Plan de gestión ambiental -- Comunicación de los resultados -- Análisis técnico de los estudios ambientales -- Participación pública -- La toma de decisiones en el proceso de evaluación de impacto ambiental -- La etapa de seguimiento en el proceso de evaluación de impacto ambiental. | |
| 526 | _aP202 | ||
| 526 | _aP201 | ||
| 526 | _aP163 | ||
| 526 | _aP162 | ||
| 526 | _aP161 | ||
| 526 | _aP160 | ||
| 526 | _aP148 | ||
| 526 | _aP147 | ||
| 526 | _aP146 | ||
| 526 | _aP145 | ||
| 526 | _aP144 | ||
| 526 | _aP143 | ||
| 526 | _aP142 | ||
| 526 | _aP141 | ||
| 526 | _aP140 | ||
| 526 | _aP139 | ||
| 526 | _aP138 | ||
| 526 | _aP137 | ||
| 526 | _aP136 | ||
| 526 | _aP135 | ||
| 526 | _aP134 | ||
| 526 | _aP133 | ||
| 526 | _aP129 | ||
| 526 | _aP128 | ||
| 526 | _aP127 | ||
| 526 | _aP120 | ||
| 526 | _aP119 | ||
| 526 | _aP118 | ||
| 526 | _aP116 | ||
| 526 | _aP115 | ||
| 526 | _aP114 | ||
| 526 | _aP110 | ||
| 526 | _aP109 | ||
| 526 | _aP108 | ||
| 526 | _aP104 | ||
| 526 | _aP103 | ||
| 526 | _aP102 | ||
| 526 | _aP99 | ||
| 526 | _aP98 | ||
| 526 | _aP97 | ||
| 526 | _aP96 | ||
| 526 | _aP95 | ||
| 526 | _aP93 | ||
| 526 | _aP90 | ||
| 526 | _aP89 | ||
| 526 | _aP88 | ||
| 526 | _aP83 | ||
| 526 | _aP82 | ||
| 526 | _aP62 | ||
| 526 | _aP59 | ||
| 526 | _aP58 | ||
| 526 | _aP57 | ||
| 526 | _aP51 | ||
| 526 | _aP49 | ||
| 526 | _aP48 | ||
| 526 | _aP47 | ||
| 526 | _aP29 | ||
| 526 | _aP24 | ||
| 526 | _aP20 | ||
| 526 | _aP19 | ||
| 526 | _aP17 | ||
| 526 | _aP15 | ||
| 526 | _aP14 | ||
| 526 | _aP12 | ||
| 526 | _aP10 | ||
| 526 | _aP09 | ||
| 526 | _aP08 | ||
| 526 | _aP07 | ||
| 526 | _aP06 | ||
| 526 | _aP05 | ||
| 526 | _aP04 | ||
| 526 | _aP01 | ||
| 541 | _g015-001551; | ||
| 650 | 0 | 4 |
_aEvaluación del impacto ambiental _zColombia. |
| 650 | 0 | 4 |
_aEvaluación del impacto ambiental _xMetodología. |
| 650 | 0 | 4 | _aPolitica ambiental. |
| 700 | 1 |
_aCanossa, Marcelo, _etr. |
|
| 910 |
_clch _d20130719 |
||
| 942 |
_2ddc _cBOOK |
||
| 949 |
_a323.72 S21 _wDEWEY _c1 _i67461 _lCCODEBUL1 _mBUL _p55.00 _r0 _sY _tBOOK _u2015-7-6 _xINGENIERIA _PP24 _o.STAFF. Colección General |
||
| 994 |
_aC0 _bPEPRU |
||
| 596 | _a1 | ||
| 999 |
_a323.72 S21 _wDEWEY _c55103 _i67461 _d55103 _e2017-6-21 _f2021-11-9 _g7 _lCCODEBUL1 _mBUL _n2 _p55.00 _q6 _r0 _sY _tBOOK _u2015-7-6 _xINGENIERIA _PP24 _0COMPRA _o.STAFF. Colección General |
||
| 980 |
_81 _gALBERTO SANCHEZ Responsable de Automatización |
||